000 00656nam a2200277Ia 4500
005 20260324132819.0
008 008 260324s9999 xx 000 0 eng d
020 _a9780203011058
037 _aEBOOK
040 _aCRL
040 _beng
040 _cCRL
041 _2eng
041 _aeng
084 _qCRL
100 _aAnne C. Aldis; Roger N. McDermott
_91190722
245 0 _aRussian Military Reform, 1992-2002
260 _bTaylor and Francis
260 _c2004
365 _a
365 _b255
856 _uhttp://www.taylorfrancis.com/books/9780203011058
942 _cEBOOK
999 _c1789150
_d1789150